अहस्ताक्षरित संधि-पत्र / (Record no. 38407)

MARC details
000 -LEADER
fixed length control field 01087nam a22002297a 4500
005 - DATE AND TIME OF LATEST TRANSACTION
control field 20100731135820.0
010 ## - LCCN (DPL NO)
LC control number HIN-89750
020 ## - INTERNATIONAL STANDARD BOOK NUMBER
International Standard Book Number 8181150562
Terms of availability 150.00
037 ## - SOURCE OF ACQUISITION
Source of stock number/acquisition DBAD/PUB
082 ## - DEWEY DECIMAL CLASSIFICATION NUMBER
Classification number
100 ## - MAIN ENTRY--PERSONAL NAME
Personal name भटनागर, सुकीर्ति
245 ## - TITLE STATEMENT
Title अहस्ताक्षरित संधि-पत्र /
Statement of responsibility, etc सुकीर्ति भटनागर
246 ## - VARYING FORM OF TITLE
Title proper/short title Ahastakshrit Sadhi-Patra
Remainder of title by Sukirti Bhatnagar
260 ## - PUBLICATION, DISTRIBUTION, ETC. (IMPRINT)
Place of publication, distribution, etc नई दिल्ली
Name of publisher, distributor, etc इंडियन बुक बैंक
Date of publication, distribution, etc 2009
270 ## - ADDRESS
Address आई-2/16, मेन अंसारी रोड़, दरियागंज
City नई दिल्ली
Postal code 110002
Telephone number 011-30188889
300 ## - PHYSICAL DESCRIPTION
Extent 165पृ.
Dimensions 18सेमी (सजिल्द)
650 ## - SUBJECT ADDED ENTRY--TOPICAL TERM
Topical term following geographic name as entry element लघु कहानियाँ, हिन्दी
650 ## - SUBJECT ADDED ENTRY--TOPICAL TERM
Topical term following geographic name as entry element Short Stories, Hindi
700 ## - ADDED ENTRY--PERSONAL NAME
9 (RLIN) 1054
942 ## - ADDED ENTRY ELEMENTS (KOHA)
Source of classification or shelving scheme Dewey Decimal Classification
Item type Hindi Books
Classification part
Call number suffix भटना,
Holdings
Withdrawn status Lost status Not for loan Collection code Home library Current library Date acquired Source of acquisition Cost, normal purchase price Full call number Barcode Copy number Cost, replacement price Koha item type
    Not For Loan Fiction D.B.Act.Division D.B.Act.Division 31/07/2010 DBAD / PUB 150.00 क भटना, HN-62096 1 150.00 Hindi Books

© Delhi Public Library
Hit Counter
free hit counter